=LDR 00000nam 2200000 4500 =001 000441 =005 20250710042244 =035 ##$$a 0010-0725000303 =007 ta =008 250710################a##########0#ind## =020 ##$$a 978-623-307-408-7 =082 ##$$a 398.209 598 =084 ##$$a 398.209 598 LAI p =100 #$$a Lairad Elizabeth =245 1#$$a Peninggalan Ayah /$c Elizabeth Lairad, Lemu Wachile =250 ##$$a Cetakan Pertama 2024 =260 ##$$a Jakarta :$b Badan Pengembangan dan Pembinaan Bahasa,$c 2022 =300 ##$$a 14 hlm : $b Ilus. ; $c 21 cm =650 #4$$a Cerita Anak Indonesia - Terjemahan =650 #4$$a Literasi- Bahan Bacaan =700 #$$a Wachile Lemu =990 ##$$a TBM01650165